[Event "Novokuznetsk SFO-ch U15 Girls"]
[Site "Novokuznetsk"]
[Date "2014.11.06"]
[Round "5"]
[White "Plaksina, Sofya"]
[Black "Bezverhaya, Marina"]
[Result "0-1"]
[WhiteElo "800"]
[BlackElo "1642"]
[PlyCount "70"]
[EventDate "2014.11.02"]
[EventType "swiss"]
[EventRounds "9"]
[EventCountry "RUS"]
[SourceTitle "CBM 163 Extra"]
[Source "ChessBase"]
[SourceDate "2014.12.23"]
[SourceVersion "1"]
[SourceVersionDate "2014.12.23"]
[SourceQuality "1"]

1. e4 e6 2. d4 d5 3. exd5 exd5 4. Bf4 Bd6 5. Bxd6 Qxd6 6. Nc3 Ne7 7. Nf3 0-0 8. Qd2 Bf5 9. 0-0-0 Nd7 10. h3 Ng6 11. g4 Be6 12. Ng5 Rae8 13. Bd3 h6 14. Nxe6 Rxe6 15. Rhf1 Ree8 16. f4 c6 17. Qf2 Nh8 18. h4 Nf6 19. g5 Ng4 20. gxh6 Qxh6 21. Qg3 Ne3 22. Rg1 Nxd1 23. Nxd1 Ng6 24. Bxg6 fxg6 25. Kb1 Qxf4 26. Qxg6 Qf6 27. Qg4 Rf7 28. h5 Qh6 29. Qh3 Qe6 30. Qh2 Qe2 31. Qh4 Rf1 32. Rxf1 Qxf1 33. Qg4 Qe2 34. Qg1 Qxh5 35. a3 Qh4 0-1